| 000 | 00782nam a2200265Ii 4500 | ||
|---|---|---|---|
| 001 | 5001 | ||
| 003 | GBCCL | ||
| 005 | 20241126110431.0 | ||
| 008 | 790605s1978 mnu 00010 eng d | ||
| 010 | _a 78051889 | ||
| 035 | _aOCM05036557 830506 | ||
| 040 |
_aIOR _cIOR _dLBB |
||
| 049 | _aLBBK | ||
| 082 |
_a783.7092 _bKNA |
||
| 090 |
_aML429.W27 _bK5 |
||
| 092 | _bW329 | ||
| 100 | 1 | 0 |
_aKnaack, Twila. _95261 |
| 245 | 1 | 0 |
_aEthel Waters : _bI touched a sparrow / _c[by Twila Knaack ; introduction by Ruth Bell Graham. |
| 250 | _aSpecial Crusade edition. | ||
| 260 | 0 |
_aMinneapolis, MN : _bWorld Wide Publications, _cc1978. |
|
| 300 |
_a156 p. : _bill., ports. ; _c20 cm. |
||
| 600 | 1 | 0 |
_aWaters, Ethel, _d1896-1977. _95260 |
| 740 | 1 | _aI touched a sparrow. | |
| 942 |
_2ddc _cBK _01 |
||
| 999 |
_c2525 _d2525 |
||